1771 1623 1977 1327 1356 1443 1363 1028 1429 1521 1520 1451 1217 1092 1344 1304 1199 1217 1505 1973 1339 1081 1736 1502 1175 1890 1974 1632 1068 1830 1324 1528 1060 1698 1291 1427 1086 1333 1619 1988 1858 1489 1218 1021 1845 1699 1986 1692 1974 1611 1060 1895 1546 1970 1062 1959 1834 1751 1569 1338 1624 1583 1264 1655 1664 1502 1303 1872 1625 1013 1797 1608 1420 1683 1131 1403 1058 1364 1260 1560 1285 1648 1459 1438 1360 1772 1424 1788 1738 1834 1492 1624 1221 1872 1006 1405 1494 1880 1572 BCNSPRNW ULIB Ver.6.0+V

เปลี่ยนเป็นภาษาไทย

Change to English
 แสดงรายละเอียดบรรณานุกรม
  กลับหน้าหลัก

Brief Record : Get Marc (ISO 2709) : E-mail record : QR code < ปิดหน้าต่าง
LEADER : 00000nam 2200000uu 4500
001    13399122554
003     ULIB
008    130730s2549||||th 000 0 tha d
060 04 ^aWY152^bศ471อ
100 0  ^aศิริมา วงศ์แหลมทอง
245 10 ^aเอกสารประกอบคำสอน หลักสูตรพยาบาลศาสตร์บัณฑิต(ต่อเนื่อง) วิชาการพยาบาลผู้ใหญ่และผู้สูงอายุ 1 รหัสวิชา พย.3106 /^cศิริมา วงศ์แหลมทอง
250    ^aพิมพ์ครั้งที่ 1
260    ^aนครสวรรค์ :^bวิทยาลัยพยาบาลบรมราชชนนี สวรรค์ประชารักษ์ นครสวรรค์,^c2549
300    ^a184 หน้า
650  7 ^aการพยาบาลผู้สูงอายุ
650  7 ^aผู้สูงอายุ^xการดูแล
710 2  ^aสถาบันพระบรมราชชนก. ^bวิทยาลัยพยาบาลบรมราชชนนี สวรรค์ประชารักษ์ นครสวรรค์
945    ^p0^l0^i20001
995    ^aทศพร
999    ^aทศพร เกษรทอง
รายการนี้ยังไม่มีแท็ก
คุณยังไม่ได้ล็อกอิน คุณสามารถมีกิจกรรมร่วมกับเว็บไซต์ได้ แต่ต้องล็อกอินก่อน ::
  ล็อกอิน

รายการสื่อสารสนเทศ

ลำดับที่ ประเภท เลขเรียก/บาร์โค้ด สถานที่ สถานะ
1. Book การพยาบาล
Book การพยาบาล
WY152 ศ471อ ฉ.1 
  Barcode: 20001
ห้องสมุดวิทยาเขตสวรรค์ประชารักษ์
►หนังสือทั่วไป
บนชั้น

รายการใกล้เคียง
    ผู้แต่ง [ศิริมา วงศ์แหลมทอง]

    หัวเรื่อง [การพยาบาลผู้สูงอายุ]
    หัวเรื่อง [ผู้สูงอายุ การดูแล]

BibComment


ยังไม่เคยถูกคอมเมนท์

คอมเมนท์ทรัพยากรรายการนี้
  คอมเมนท์: เอกสารประกอบคำสอ..


 Copyright 2026. Bcnsprnw @Library